000 01058nam a2200301Ia 4500
001 A8517
003 IT-RoPAU
008 130308s9999 xx 000 0 und d
040 _aIT-RoPAU
040 _cIT-RoPAU
041 _aITALIANO
100 _aAA.VV.
100 _gCodice Aut. SPICS: 12000
245 _aLinguaggio liturgico (Il)-Prospettive metodologiche e indicazioni pastorali
245 _bLinguaggio Liturgico (Il)-Prospettive metodologiche e indicazioni Pastorali
250 _a1a ed.
260 _aBOLOGNA
260 _bEDB - Edizioni Dehoniane
260 _c1981 [1° Ed.:1981 - Ed.Ling.Originale:1981]
300 _a"318 p. (prefazione: no ; testo: 318 [pagine: 0-0])"
500 _aAtti del simposio Tenuto Dall'Istituto di Liturgia Pastorale dell'Abbazia di S. Giustina in Padova nel Corso dell'anno Accademico 1979/1980. contributi di Autori Vari. Introduzione di Aldo Terrin.
650 _aLITURGIA E DRAMMATURGIA
650 _eCodice materia Spics: 9162
942 _cBK
957 _71
999 _c75901
_d75901
999 _bSI
999 _g1